[Event "Deizisau op 6th"]
[Site "Deizisau"]
[Date "2011.10.29"]
[Round "1"]
[White "Zametzer, Andreas"]
[Black "Gheng, Josef"]
[Result "0-1"]
[WhiteElo "1898"]
[BlackElo "2346"]
[PlyCount "136"]
[EventDate "2011.10.29"]
[EventType "swiss"]
[EventRounds "7"]
[EventCountry "GER"]
[SourceTitle "EXT 2012"]
[Source "ChessBase"]
[SourceDate "2011.11.24"]
[SourceVersion "1"]
[SourceVersionDate "2011.11.24"]
[SourceQuality "1"]

1. d4 Nf6 2. c4 g6 3. g3 c5 4. d5 Bg7 5. Bg2 d6 6. Nc3 0-0 7. Nf3 a6 8. 0-0 b5 9. cxb5 axb5 10. Nxb5 Na6 11. Nc3 Nc7 12. e4 Nd7 13. Qc2 Ba6 14. Re1 Nb5 15. Nxb5 Bxb5 16. Bd2 Ra4 17. b3 Ra7 18. Bc3 Bxc3 19. Qxc3 Ra3 20. e5 Qa5 21. Qxa5 Rxa5 22. a4 Bd3 23. e6 Nb6 24. exf7+ Rxf7 25. Ng5 Rf5 26. h4 h6 27. Nh3 Rf7 28. Re3 Bf5 29. Rae1 Kf8 30. Nf4 c4 31. bxc4 Nxc4 32. Rb3 Rxa4 33. Rb8+ Kg7 34. Be4 Ne5 35. Bg2 g5 36. hxg5 hxg5 37. Ne6+ Bxe6 38. dxe6 Rf8 39. Rxf8 Kxf8 40. Re4 Rxe4 41. Bxe4 Kg7 42. Kf1 Kf6 43. Bd5 Nd3 44. Ke2 Nc5 45. Ke3 Nxe6 46. f4 Ng7 47. Ke4 Nf5 48. Kf3 gxf4 49. gxf4 e6 50. Ba2 d5 51. Bb1 Ke7 52. Ke2 Kd6 53. Kd3 Kc5 54. Kc3 Nh4 55. Bh7 Ng2 56. f5 e5 57. f6 Kd6 58. Bf5 Nf4 59. Kd2 Nh5 60. f7 Ke7 61. Bg4 Nf4 62. Ke3 Kxf7 63. Bf3 Kf6 64. Bd1 Ne6 65. Bb3 d4+ 66. Kd2 e4 67. Bc4 Nf4 68. Ba6 Ke5 0-1

[Event "Augsburg Afro op-A 18th"]
[Site "Augsburg"]
[Date "2011.08.05"]
[Round "4"]
[White "Kolb, Wolfgang"]
[Black "Zametzer, Andreas"]
[Result "1-0"]
[WhiteElo "2064"]
[BlackElo "1903"]
[PlyCount "49"]
[EventDate "2011.08.04"]
[EventType "swiss"]
[EventRounds "7"]
[EventCountry "GER"]
[SourceTitle "EXT 2015"]
[Source "ChessBase"]
[SourceDate "2014.11.20"]
[SourceVersion "1"]
[SourceVersionDate "2014.11.20"]
[SourceQuality "1"]

1. d4 e6 2. Nf3 f5 3. e3 Nf6 4. c4 Be7 5. Nc3 b6 6. Be2 Bb7 7. 0-0 0-0 8. b3 Ne4 9. Bb2 d5 10. cxd5 exd5 11. Rc1 Nd7 12. Ne5 c5 13. Nxd7 Qxd7 14. dxc5 Nxc3 15. Rxc3 bxc5 16. Ba3 Rac8 17. Qc1 Qd6 18. Rd1 Rf6 19. Bf3 Rh6 20. g3 Rf6 21. Rcd3 Rd8 22. Bxd5+ Bxd5 23. Rxd5 Qxd5 24. Rxd5 Rxd5 25. Qc4 1-0